|
|
|
|
| LEADER |
00000nam0a2200000 4500 |
| 001 |
354800 |
| 005 |
20231102010728.0 |
| 035 |
|
|
|a (RuTPU)RU\TPU\retro\12059
|
| 090 |
|
|
|a 354800
|
| 100 |
|
|
|a 20200626d1973 km y0rusy50 ca
|
| 101 |
0 |
|
|a rus
|
| 102 |
|
|
|a UA
|
| 105 |
|
|
|a a z 001zy
|
| 200 |
1 |
|
|a Разрушение прочных грунтов
|f Ю. А. Ветров , В. Л. Баладинский, В. Ф. Баранников, В. П. Кукса
|
| 210 |
|
|
|a Киев
|c Будiвельник
|d 1972
|
| 215 |
|
|
|a 351 с.
|c ил.
|
| 320 |
|
|
|a Библиогр.: с. 346-351
|
| 606 |
1 |
|
|a Грунты скальные
|x Физико-механические свойства
|2 stltpush
|3 (RuTPU)RU\TPU\subj\8853
|9 36186
|
| 606 |
1 |
|
|a Грунты мерзлые
|x Физико-механические свойства
|x Физико-химические свойства
|2 stltpush
|3 (RuTPU)RU\TPU\subj\8835
|9 36172
|
| 610 |
1 |
|
|a прочные грунты
|
| 610 |
1 |
|
|a разрушение
|
| 610 |
1 |
|
|a механические способы
|
| 610 |
1 |
|
|a буровзрывные способы
|
| 610 |
1 |
|
|a электрофизические способы
|
| 610 |
1 |
|
|a механизация
|
| 610 |
1 |
|
|a производительность труда
|
| 675 |
|
|
|a 624.12
|v 4
|
| 675 |
|
|
|a 624.139.2/.3
|v 4
|
| 701 |
|
1 |
|a Ветров
|b Ю. А.
|g Юрий Александрович
|
| 701 |
|
1 |
|a Баладинский
|b В. Л.
|g Вадим Леонидович
|
| 701 |
|
1 |
|a Баранников
|b В. Ф.
|g Виктор Федорович
|
| 701 |
|
1 |
|a Кукса
|b В. П.
|g Владимир Петрович
|
| 801 |
|
1 |
|a RU
|b 63413507
|c 20200626
|
| 801 |
|
2 |
|a RU
|b 63413507
|c 20210121
|g RCR
|
| 942 |
|
|
|c BK
|